A way with words, vocabulary development activities for learner of English teacher's book

Đã lưu trong:
Sonraí Bibleagrafaíochta
Formáid: Leabhar
Foilsithe: 1990
Clibeanna: Cuir Clib Leis
Gan Chlibeanna, Bí ar an gcéad duine leis an taifead seo a chlibeáil!
Thư viện lưu trữ: Mạng thư viện Đại học Đà Nẵng
LEADER 00500nam a22001811a 4500
001 000037686
003 13981
005 20160412020424.0
008 160412s1990 000
082 |a 4A(07)1049-50 
245 |a A way with words, vocabulary development activities for learner of English teacher's book  |c Stuar Redman 
260 |c 1990 
OWN |a LNN 
999 |a From the UDN01 
TYP |a Monograph 
980 |a Mạng thư viện Đại học Đà Nẵng